Normal view
MARC view
Entry Personal Name
001 - CONTROL NUMBER
- control field: 55900
003 - CONTROL NUMBER IDENTIFIER
- control field: dpl
005 - DATE AND TIME OF LATEST TRANSACTION
- control field: 20230904163628.0
008 - FIXED-LENGTH DATA ELEMENTS
- fixed length control field: 230904|| aca||aabn | a|a d
040 ## - CATALOGING SOURCE
- Original cataloging agency: dpl
- Transcribing agency: dpl
100 ## - HEADING--PERSONAL NAME
- Personal name: Gandhi, Mahatma,
- Dates associated with a name: 1869-1948
670 ## - SOURCE DATA FOUND
- Source citation: Work cat.: (dpl)76365: DiSalvo, Charles 55899, M.K. Gandhi, attorney at law : , 2012
